[Event "Tan Chin Nam Cup 7th"]
[Site "Shanghai"]
[Date "2001.07.12"]
[Round "4"]
[White "Ni, Hua"]
[Black "Ye, Jiangchuan"]
[Result "0-1"]
[WhiteElo "2528"]
[BlackElo "2671"]
[Annotator "Ribli,Z"]
[PlyCount "134"]
[EventDate "2001.07.09"]
[EventType "tourn"]
[EventRounds "9"]
[EventCountry "CHN"]
[EventCategory "16"]
[SourceTitle "CBM 085"]
[Source "ChessBase"]
[SourceDate "2001.11.13"]
[SourceVersion "1"]
[SourceVersionDate "2001.11.13"]
[SourceQuality "1"]

1. e4 c5 2. Nf3 e6 3. d4 cxd4 4. Nxd4 a6 5. Nc3 Qc7 6. Bd3 Nc6 7. Be3 {Diese
Variante ist sehr populär in letzter Zeit - Weiß möchte eine starke
Angriffsstellung aufbauen.} (7. Nxc6 dxc6 8. O-O) 7... b5 (7... Nf6) 8. O-O Bb7
9. Nxc6 Qxc6 10. Qe2 (10. a3) (10. Re1) 10... Nf6 11. f3 {Dieser bescheidene
Zug bietet Weiß wenige Chancen auf Eröffnungsvorteil.} (11. a3 $5 {Nach dieser
Fortsetzung verteidigt sich Weiß gegen b5-b4 und im folgenden kann er f2-f4
ziehen.}) 11... Qc7 {Mit diesem Zug verteidigt sich Schwarz gegen 12.e5.} (
11... b4 $6 12. Nb1 d5 $6 (12... Bc5 $1) 13. Nd2 Be7 14. Kh1 O-O 15. e5 Nd7 16.
Bd4 Bc5 17. Nb3 Bxd4 18. Nxd4 Qb6 19. Qe3 {1-0 Troianescu-Aloni/Nathanya 1968/
Inf 06 (50)}) (11... Bc5 12. Bxc5 (12. e5 Nd5 (12... Ng4 $5) 13. Nxd5 Qxd5 14.
Qf2 Rc8 15. b4 Bxe3 16. Qxe3 d6 17. Qa7 Ra8 18. Qb6 {1-0 Saltaev,M-Rapatinski,
K/Dortmund 2000/EXT 2001 (41)}) 12... Qxc5+ 13. Qf2 Qc7 14. Rfe1 d6 15. a4 bxa4
16. Rxa4 O-O 17. Rea1 {1-0 Saltaev,M-Marzolo,C/Cappelle la Grande FRA 2001/(46)
}) 12. Kh1 (12. a3 Be7 $11 (12... d5 13. exd5 Nxd5 14. Nxd5 Bxd5 15. a4 $14))
12... Be7 (12... d5 13. exd5 Nxd5 14. Nxd5 Bxd5 15. a4 $14) 13. Bg5 $6 (13. a3
$11) 13... Ng4 $1 {[%cal Rc7h2][%mdl 64]} (13... d6 $11) 14. f4 (14. Bf4 Qxf4
15. fxg4 Qe5 $15 {[%csl Ge5]}) 14... Nxh2 15. Kxh2 (15. Bxe7 Nxf1 16. Bh4 (16.
Rxf1 Kxe7 $19) 16... Qxf4 $19) 15... Bxg5 $17 {Schwarz hat einen Bauern mehr
und das Läuferpaar - Weiß hat ein kleines Gegenspiel, aber keine ausreichende
Kompensation.} 16. e5 Be7 17. a4 (17. Ne4 d5 $17 (17... d6 $17)) 17... b4 18.
Ne4 d6 (18... d5 $17) 19. f5 {In schlechter Stellung möchte Weiß im Trüben
fischen.} (19. exd6 Bxd6 20. Nxd6+ Qxd6 $17) 19... Bxe4 $5 (19... d5 20. Ng3 {
[%cal Gg3h5]} g6 21. f6 Bc5 $17) 20. Qxe4 (20. Bxe4 d5 $17) 20... d5 21. Qf4 (
21. Qe2 $5) 21... f6 {[%cal Gc7h2]} 22. Kh1 (22. Rae1 fxe5 23. Rxe5 Bd6 {
[%cal Rc7h2]} 24. Rxe6+ Kd7 25. Rxd6+ Qxd6 $17) 22... fxe5 (22... Qxe5 23. fxe6
(23. Qxe5 fxe5 24. fxe6 $15) 23... Qh5+ 24. Qh2 Qxh2+ 25. Kxh2 Bd6+ 26. g3 $15)
23. Qh2 Bf6 (23... exf5 24. Bxf5 Bf6 $17) 24. fxe6 Ke7 {[%csl Gd5,Ge5] Schwarz
hat einen Bauern mehr und obwohl sein König in der Mitte steht, hat er eine
chancenreiche Stellung. Seine verbundenen Bauern im Zentrum sind sehr stark.}
25. Rad1 Qc6 {[%cal Rc6a4,Rc6e6]} 26. Qh5 $6 (26. Bf5 $5 $17) 26... Qxe6 $19 {
Mit zwei Bauern mehr steht Schwarz auf Gewinn.} 27. c4 bxc3 (27... dxc4 28. Bf5
) 28. bxc3 Rad8 (28... Rab8 $19) 29. Rb1 Rb8 30. a5 e4 {Mit diesem Zug öffnet
Schwarz die Diagonale des f6-Läufers und zielt auf die Bauern a5 und c3, aber
der d5-P wird angreifbar von der h5-Dame.} (30... h6 $19) 31. Be2 Qe5 (31...
Bxc3 $5 $19) 32. Qxe5+ Bxe5 33. Rbd1 Rhd8 34. Bxa6 (34. Rf5) 34... Bxc3 35. Rf5
Bxa5 $6 (35... Ke6 36. Rh5 Ra8 $19) 36. Rfxd5 Rxd5 37. Rxd5 {[%mdl 4096] Weiss
hat zwei Bauern weniger, aber wegen der ungleichfarbigen Läufer und des
reduzierten Materials hat er einige Rettungschancen.} Bc7 {[%cal Rb8b1,Rb1h1]}
38. Kg1 $17 (38. g4 $17) 38... Rb2 39. Kf1 Kf6 40. g4 e3 41. Rf5+ Ke7 (41...
Kg6 $2 42. Bd3 {[%csl Rg6]} Rd2 43. Be4 e2+ (43... Rd4 44. Bc2 $11) 44. Ke1
Bg3+ 45. Rf2+ (45. Kxd2 e1=Q+ $19 46. Kd3 $11) 45... Kg5 46. Kxd2 Bxf2 47. Kxe2
$11) 42. Bc4 {[%csl Gc4][%cal Rf5f7,Rf7c7,Rf7h7] Droht 43.Rf7+ mit Gegenspiel.}
Bb6 43. Rf7+ Kd6 44. Rxg7 Rf2+ 45. Ke1 Ba5+ 46. Kd1 Rd2+ 47. Kc1 e2 {Der
e-Bauer ist wirklich sehr stark und Weiß muss eine Figur geben, aber im
folgenden bekommt er eine theoretische Remisstellung.} 48. Bxe2 Rxe2 49. Rxh7
$15 Rg2 {Dieses Endspiel ist theoretisch remis, aber Weiß muss vorsichtig sein.
In Grossmeisterpraxis wurde schon vielmals mit R+B gegen den R gewonnen.} 50.
Rh5 Bc3 51. Rb5 Bd4 52. Kd1 Bc5 {Der weiße Turm ist abgetrennt - Schwarz kann
Kd5 spielen.} 53. Rb8 Kd5 54. Re8 Kc4 55. Rc8 $2 (55. Re2 $11) 55... Kd3 56.
Re8 $2 (56. Rxc5 $2 Rg1#) (56. Kc1 $5 Bd4 (56... Rxg4 57. Kb2 $15) 57. Kb1 Rb2+
58. Kc1 Ra2 59. Kd1 (59. Rb8 Rg2 60. Rb3+ (60. Kb1 Rg1+ 61. Ka2 Ra1+ 62. Kb3
Rb1+ $19) 60... Bc3 $19) 59... Rg2 60. Re8 Rb2 61. Rc8 (61. Kc1 Ra2 62. Rb8 Rg2
63. Kb1 Rg1+ 64. Ka2 Ra1+ 65. Kb3 Rb1+ $19) 61... Bb6 $1 62. Kc1 (62. Rc6 Be3
63. Rd6+ Bd4 64. Rc6 Rd2+ 65. Kc1 (65. Ke1 Rg2 $19) 65... Rf2 66. Kb1 Rb2+ 67.
Kc1 Rb5 68. Kd1 (68. Rd6 Ra5 $19) 68... Bc5 $1 69. Kc1 Be3+ $19) 62... Rb5 63.
Kd1 $15 {Hier könnte Schwarz ohne den g4-Bauern mit 64...Rf5 gewinnen.}) 56...
Be3 57. Rd8+ Bd4 58. Re8 Rxg4 $19 {Jetzt wir haben eine theoretische
Gewinnstellung, was nach Analysen von Philidor seit 1749 ist bekannt! Der
weiße König befindet sich im Mattnetz - er kann die Mattdrohungen nur mit dem
Turm verteidigen. Die schwarze Gewinnmethode ist - den gegnerische Turm auf
die sechste Reihe zwingen und dort mit einem Rückzug des Läufers beschränken.}
59. Re2 Rg1+ 60. Re1 Rg2 61. Re7 Rh2 62. Re8 Rb2 63. Rc8 (63. Kc1 Ra2 64. Rb8
Rg2 65. Kb1 Rg1+ 66. Ka2 Ra1+ 67. Kb3 Rb1+ $19) 63... Bb6 $1 {Das ist der
Schlüsselzug - der Turm steht unglücklich auf c8 und es gibt kein Schach auf
d8.} 64. Kc1 Rb5 65. Kd1 Rf5 66. Re8 Ba5 67. Kc1 Bc3 (67... Bc3 68. Rd8+ Bd4
$19) 0-1

[Event "GER-GRE"]
[Site "Fuerth"]
[Date "2002.09.05"]
[Round "6"]
[White "Luther, Thomas"]
[Black "Banikas, Hristos"]
[Result "1-0"]
[WhiteElo "2551"]
[BlackElo "2520"]
[Annotator "Ribli,Z"]
[PlyCount "105"]
[EventDate "2002.08.31"]
[EventType "team"]
[EventRounds "6"]
[EventCountry "GER"]
[SourceTitle "CBM 091"]
[Source "ChessBase"]
[SourceDate "2002.11.12"]
[SourceVersion "1"]
[SourceVersionDate "2002.11.12"]
[SourceQuality "1"]
[WhiteTeam "Germany"]
[BlackTeam "Greece"]
[WhiteTeamCountry "GER"]
[BlackTeamCountry "GRE"]

1. e4 c5 2. Nf3 Nc6 3. d4 cxd4 4. Nxd4 Qc7 5. Nc3 e6 6. Be3 a6 7. Qd2 {
Großmeister Luther spielte schon viele Varianten gegen den
Taimanov-Paulsen-Aufbau (hauptsächlich die klassischen Varianten mit Be2) -
jetzt probiert er die letzte Mode.} Nf6 8. O-O-O b5 {Dieser Zug scheint
natürlich, aber die Fortsetzungen 8...Bb4 9.f3 Ne5 und 9...Ne7 bieten Schwarz
bessere Ausgleichschancen.} 9. Bf4 $5 {Dieser Zug ist die beste Möglichkeit
für Weiß - die Alternative wäre 9.Nxc6, wonach Schwarz gute Ausgleichchancen
hat - entweder mit 9...Qxc6 oder mit 9...dxc6.} Ne5 (9... Qb6 10. e5 (10. Nb3
Bb4 11. f3 O-O 12. g4 Rd8 13. g5 Ne8 14. Kb1 Na5 15. Be3 Qc7 16. Qf2 Rb8 17.
Nxa5 Bxa5 18. Ne2 Bb7 19. h4 {1-0 Yemelin,V-Jakovenko,D/Krasnodar RUS 2002/(52)
}) 10... Qxd4 (10... Nxd4 11. exf6 Nc6 12. Ne4 d5 13. Nd6+ Kd7 14. Nxf7 Rg8 15.
Ng5 {1-0 Kasimdzhanov,R-Polgar,J/Moscow RUS 2002/(42)}) 11. Qxd4 Nxd4 12. Rxd4
Nh5 13. Be3 Bb7 14. Be2 g6 15. Rhd1 O-O-O 16. g4 Ng7 17. Bg5 Bc5 18. Rf4 Rdf8
19. b4 Bb6 20. Be7 {1-0 Popovic,D-Zakic,Z/Senta YUG 2002/(52)}) 10. Nf3 Nfg4 (
10... Nxf3 11. gxf3 Qc6 (11... Qa5 $5) 12. Rg1 Bb7 13. Kb1 (13. Ne2 d5 14. Be5
dxe4 15. Nd4 Qd5 16. Bxf6 gxf6 17. fxe4 Qxa2 18. Nb3 Bc6 19. e5 Bd5 20. Bg2 Rd8
21. exf6 h5 22. f4 Qa4 23. Qe3 Rh6 24. Rd4 {1-0 Tischbierek,R-Baumegger,S/
Dornbirn AUT 2002/(24)}) 13... Rc8 14. a3 b4 15. axb4 Bxb4 16. Be5 Bf8 17. Bc4
Qxc4 18. Bxf6 Bc6 19. Bxg7 {1-0 Goloshchapov,A-Mishra,N/Dhaka 2002/CBM 87 ext 
(39)}) 11. Bg3 d6 (11... f6 12. Nxe5 Nxe5 13. f4 Nc4 (13... Nf7 $5) 14. Bxc4
Qxc4 15. f5 $36 {[%csl Re8] 1-0 Topalov,V-Movsesian,S/Sarajevo 2001/CBM 84/
[Ribli] (33)}) 12. a3 $5 {Mit diesem Zug verteidigt sich Weiß gegen b5-b4 und
bereitet das Opfer auf b5 vor. Nach meiner Meinung ist die weiße Stellung
schon sehr chancenreich, weil er großen Entwicklungsvorteil besitzt.} (12. Nxe5
Nxe5 13. f4 $40) 12... Be7 (12... Bb7 13. Bxb5+ $5 (13. Nxe5 Nxe5 14. f4 Nc4
15. Bxc4 Qxc4 $11) 13... axb5 14. Nxb5 Qb6 15. Nxd6+ Bxd6 16. Qxd6 Qxd6 17.
Rxd6 $36) (12... Rb8 $5 {Auf diese Weise kann Schwarz die Varianten mit Bxb5
vermeiden und später kann er mit b5-b4 die b-Linie öffnen.}) 13. Bxb5+ $1 {
Weiß opfert die Figur, aber er bekommt drei Bauern als Kompensation.} (13. Kb1
{Nach 12.a3!? wäre dieser Zug weniger logisch.} O-O $11) (13. Nxe5 Nxe5 14. f4
Nc4 15. Bxc4 Qxc4 $11) 13... axb5 14. Nxb5 Qb6 15. Nxd6+ Bxd6 16. Qxd6 Qxd6 17.
Rxd6 $14 {[%mdl 1024] Aus vielen Varianten der Sizilianischen Verteidigung
kennen wir ähnliche materielle Verteilungen. Weiß hat drei (Frei)bauern am
Damenflügel und die schwarzen Figuren haben keine Stützpunkte im Zentrum. In
der praktischen Partie ist diese Stellung viel einfacher mit Weiß zu spielen:
Er muss praktisch (in Wirklichkeit ist das nicht so einfach) nur die Bauern am
Damenflügel vorrücken.} f6 $6 {Schwarz möchte den Punkt e5 halten, aber das
führt zu strukturellen Schwächen.} (17... Nxf3 18. gxf3 Nf6 19. Rhd1 $14 {
[%cal Gd1d8]}) 18. Nxe5 Nxe5 19. Bxe5 fxe5 20. Rhd1 {[%csl Re5,Re6][%cal Gd1d8]
[%mdl 4096] Weiß hat 7P gegegen B und 4P, aber die schwarze Bauernstruktur ist
ganz schlecht.} Ke7 21. Rc6 {[%cal Gc6c7,Gc7h7]} Ra7 (21... Rd8 22. Rxd8 Kxd8
23. Rc5 Bb7 24. Rxe5 Kd7 25. f3 $16) 22. Rc5 Rf8 $6 {Mit diesem Zug provoziert
Schwarz 23.f3, was Weiß jedoch von selbst spielen möchte.} (22... Kf6 23. c4
$16) 23. f3 Kf6 24. Rd2 (24. c4 $16) 24... g5 25. c4 $16 {Weiß kann seine
Mehrheit am Damenflügel mobilisieren, weil der c8B keine aktiven Möglichkeiten
hat.} h5 {[%cal Gg5g4]} 26. Kc2 Rg8 (26... g4 27. fxg4 Bb7 (27... hxg4 28. Rf2+
$18) 28. Kc3 Bxe4 29. Rf2+ Kg7 30. Rxf8 Kxf8 31. Rxe5 $18) 27. Kc3 g4 28. fxg4
hxg4 29. Rf2+ Ke7 30. Rxe5 {Jetzt hat Weiß schon vier Bauern für die Figur.} g3
31. hxg3 Rxg3+ 32. Rf3 $1 {Weiß gibt einen Bauern zurück, aber er verhindert
das schwarze Gegenspiel.} (32. Kc2 Ra4 33. Rc5 Ba6 $132) 32... Rxg2 (32...
Rxf3+ 33. gxf3 $16) 33. Rh5 {[%cal Gf3f8,Gh5h8,Rh5h7,Rh7a7] Die weißen Türme
sind sehr aktiv und die Bauern am Damenflügel rücken unweigerlich vor. Jetzt
droht 34.Rh7+.} Kd6 34. Rd3+ Kc6 35. Rh8 Bd7 {Das ist der erste Zug des
Läufers in dieser Partie!} 36. Rh7 {[%csl Ra7,Rd7][%cal Gh7a7] Alles ist
gefesselt - jetzt muss Weiß a4 und b4 ziehen - Schwarz kann nur warten.} Rg5 (
36... Rb7 37. b4 Bc8 38. b5+ Kc5 39. Rh5+ Kb6 40. Rd6+ Kc7 41. Rc6+ Kb8 42. Rh8
Rc7 43. Rxe6 $18) 37. a4 Re5 38. b4 Rxa4 (38... Rxe4 39. c5 $18 {[%cal Rd3d6,
Rd6c6]}) 39. Rdxd7 Rxe4 {Gewöhnlich lässt sich mit einem Bauern weniger ein
Turmendspiel Remis halten, aber hier steht Weiß - wegen seiner Aktivität -
klar auf Gewinn.} 40. b5+ Kc5 (40... Kc5 41. Rc7+ Kb6 (41... Kd6 42. b6 $18)
42. Rc6+ Ka5 43. Ra7#) 41. Rh5+ Kb6 42. Rd6+ Kc7 43. Rc6+ Kd7 44. Rh7+ Kd8 45.
Kb3 (45. b6 $18) 45... Ra1 46. Ra6 Ree1 (46... Rxa6 47. bxa6 $18) 47. Rxa1 Rxa1
48. c5 $18 {[%csl Gb5,Gc5] Mit zwei verbundenen Bauern gewinnt Weiß leicht.}
Rb1+ 49. Kc4 Rc1+ 50. Kd4 Rd1+ 51. Ke5 Rd5+ 52. Kxe6 Rxc5 53. Kd6 {[%cal Rh7h8,
Rh8d8,Rd6c5]} 1-0

[Event "Moscow Aeroflot op-A"]
[Site "Moscow"]
[Date "2006.02.08"]
[Round "1"]
[White "Naiditsch, Arkadij"]
[Black "Ganguly, Surya Shekhar"]
[Result "1-0"]
[WhiteElo "2657"]
[BlackElo "2579"]
[Annotator "Ribli,Z"]
[PlyCount "59"]
[EventDate "2006.02.08"]
[EventType "swiss"]
[EventRounds "9"]
[EventCountry "RUS"]
[SourceTitle "CBM 112"]
[Source "ChessBase"]
[SourceDate "2006.06.07"]
[SourceVersion "1"]
[SourceVersionDate "2006.06.07"]
[SourceQuality "1"]

1. e4 c5 2. Nf3 e6 3. d4 cxd4 4. Nxd4 Nc6 5. Nc3 Qc7 6. Be3 a6 7. Qd2 Nf6 8. f3
{Diese ganze Variante ist sehr populär in der letzten Zeit. Aber die Zugfolge
8.f3 wird selten gespielt, gewöhnlich spielt man 8.0-0-0.} Bb4 {Wenn Weiß
schon 8.f3 gespielt hat, ist dieser Zug weniger logisch.} 9. a3 Ba5 $6 {
Im folgenden verliert der schwarze dunkelfarbige Läufer seine aktive Rolle und
steht weit weg vom Königsflügel.} (9... Be7 $5) 10. Nb3 (10. b4 Bb6 11. Ncb5
axb5 12. Nxb5 Qd8 13. Qd6 Ra6 14. Bxb6 Qxb6 15. Nc7+ Kd8 16. Nxa6 bxa6 17. Be2
Qd4 18. Rd1 Qxd6 19. Rxd6 Ke7 $15 {1-0 Navarro,R-Torres,P/Merida MEX 2002 (66)}
) 10... Bb6 (10... Bxc3 11. Qxc3 O-O 12. O-O-O d5 13. Bg5 dxe4 14. Bxf6 Qf4+
15. Kb1 gxf6 (15... Qxf6 $5) 16. fxe4 Qe5 17. Qf3 Qg5 18. h4 {1-0 Pecheritsa,
V-Khachemizov,R/Dagomys 2004/EXT 2005 (30)}) 11. Bxb6 {Weiß tauscht gern die
schwarzfeldrigen Läufer, wonach die schwarzen Punkte in der Stellung des
Nachziehenden schwach werden.} (11. Bf4 Qd8 12. O-O-O O-O (12... Bc7 13. g4 O-O
14. g5 Ne8 15. Be3 b5 16. f4 d6 17. Rg1 {1-0 Khairallah,F-Bouaziz,S/Dubai 2004/
(45)}) 13. Bd6 Ne7 14. g4 Ne8 15. Bg3 {1-0 Simutowe,A-Blanco Fernandez,A/
Merida 2003 (23)}) 11... Qxb6 12. O-O-O Qc7 13. g4 $14 {[%mdl 4] Weiß hat
Entwicklungsvorteil und Angriffschancen am Königsflügel. Schwarz bekommt
einige Gegenchancen am Damenflügel, aber das weiße Spiel scheint mir schneller.
} (13. Qd6 $6 Qxd6 14. Rxd6 Ke7 $11) (13. Qe3 O-O 14. g4 b5 15. g5 Nh5 16. h4
Ne5 17. Qc5 $6 Ra7 $1 18. Qxc7 Rxc7 19. Rh3 Nf4 $15 {0-1 Vranesevic,D-Djuric,V/
Belgrade 1999/CBM 73 ext (41)}) 13... b5 14. h4 (14. g5 Nh5) 14... Ne5 15. Nd4
{Der b3N kommt ins Spiel.} Rb8 16. h5 $40 d6 (16... b4 17. axb4 Rxb4 18. g5 $18
) (16... h6 17. g5 hxg5 18. Qxg5 $16) 17. Qg5 {[%csl Re8,Gg5][%cal Gg5g7,Gh5h6,
Gg5f6]} (17. h6 g6 18. g5 Nfd7 19. f4 Nc4 20. Bxc4 bxc4 21. Nf3 $16) 17... Rg8
18. h6 b4 {Gut oder schlecht, das ist die einzige Gegenchance für Schwarz.} 19.
axb4 Rxb4 20. Bb5+ $5 {Eine sehr interessante Fortsetzung, die zu großen
Komplikationen führt. Die einfache Alternative 20.hxg7 gibt Weiß klaren
Vorteil.} (20. hxg7 Qa5 21. Qxf6 (21. Kb1 $2 Rxb2+ 22. Kxb2 Nd3+ $19 {[%cal
Ra5g5,Rd3b2]}) 21... Qa1+ 22. Kd2 Rxd4+ 23. Ke2 (23. Bd3 $2 Qxb2 $19) 23...
Rxd1 24. Nxd1 Qc1 25. Rxh7 Qxc2+ 26. Ke1 $18) 20... axb5 21. Ndxb5 Rxb5 $2 (
21... Qa5 22. Nxd6+ Ke7 23. Nd5+ (23. Nf5+ exf5 24. Nd5+ Kf8 25. hxg7+ Rxg7 26.
Qxf6 Qa1+ 27. Kd2 Nxf3+ 28. Ke2 Qa6+ 29. Kxf3 fxe4+ 30. Ke3 Qxf6 31. Nxf6 Bxg4
$11) 23... exd5 24. Qxe5+ Be6 25. exd5 Nxd5 26. Nf5+ Ke8 27. Rhe1 Qa1+ 28. Kd2
Qa5 29. Kc1 $11) 22. Nxb5 $16 {[%csl Gb5,Gd1,Rd6,Re8,Gg5][%cal Gh6g7]} Qa5 {
[%cal Ga5g5,Ga5a1,Ga1c1]} 23. Nxd6+ Ke7 24. Kb1 {[%csl Gb1]} gxh6 (24... Bd7
25. Rd5 Qa6 26. Nf5+ (26. Qxe5 Ra8) 26... exf5 27. Rxe5+ Be6 28. Rxe6+ Qxe6 29.
exf5 $16) 25. Qxh6 (25. Nxc8+ Rxc8 26. Rxh6 Ra8 27. Qxf6+ Ke8 28. c3 Qa2+ 29.
Kc2 Qa4+ 30. Kc1 $11) 25... Ba6 26. g5 Nfd7 27. Nf5+ $1 $18 {[%mdl 64]} (27. f4
) 27... exf5 28. Qd6+ Ke8 29. Rd5 {[%csl Gd5,Gd6,Re8][%cal Rd5a5,Rd5e5]} Qd8
30. Rhd1 {[%cal Rd5e5,Rd6a6,Rd1d8]} (30. Qxa6 $18) 1-0

[Event "LAT-ch"]
[Site "Latvia"]
[Date "1994.??.??"]
[Round "7"]
[White "Berzinsh, Roland"]
[Black "Miezis, Normunds"]
[Result "0-1"]
[WhiteElo "2475"]
[BlackElo "2430"]
[Annotator "Ribli,Z"]
[PlyCount "80"]
[EventDate "1994.??.??"]
[EventType "tourn"]
[EventRounds "11"]
[EventCountry "LAT"]
[EventCategory "7"]
[SourceTitle "CBM 041"]
[Source "ChessBase"]
[SourceDate "1994.08.01"]
[SourceVersion "1"]
[SourceVersionDate "1994.08.01"]
[SourceQuality "1"]

1. e4 c5 2. Nf3 e6 3. d4 cxd4 4. Nxd4 a6 5. Nc3 Qc7 6. Bd3 Nc6 7. Be3 Nf6 8.
O-O Bd6 9. Nxc6 dxc6 (9... bxc6 10. f4 e5 11. f5 Be7 12. Qf3 Bb7 13. Na4 d5 $13
{Boudre,J-Dizdarevic,E/EUCup f/1993/CBM39/}) 10. f4 e5 11. f5 Qe7 12. Kh1 h5 (
12... b5 $13 {Garcia,G-Zapata,A/Cali zt/1990/CBM19/INF49,224/}) 13. Bg5 (13.
Na4 Ng4 14. Bg1 b5 15. Nb6 Rb8 16. Nxc8 Rxc8 17. a4 $13) 13... Bc5 14. a4 a5
15. Nb1 Qc7 16. Nd2 (16. Bxf6 gxf6 17. Nd2 Ke7 $13) 16... h4 17. h3 Be7 18.
Bxf6 (18. Be2 Nh5 19. Bxh5 Bxg5 $13) 18... Bxf6 19. Nc4 b6 20. Be2 Ba6 21. Ne3
Bb7 22. c3 Rd8 23. Qe1 Bg5 24. Bc4 Qd6 25. Qe2 Qc5 $15 26. Rf3 Rh6 $1 27. b3
Rhd6 28. Nf1 Ke7 29. Re1 f6 30. Rf2 Kd7 31. Rb1 Qa3 $6 (31... Kc7 $5) 32. Qc2
Qc5 33. Nh2 (33. Qe2 $5) 33... b5 34. Bf1 Kc7 35. Nf3 Bf4 36. b4 (36. axb5 cxb5
37. b4 axb4 38. cxb4 Qxc2 39. Rxc2+ Kb6 $17) 36... axb4 37. cxb4 Qxc2 38. Rxc2
Rd1 $1 39. Rcb2 bxa4 40. Kg1 a3 0-1

[Event "Horgen-B"]
[Site "Horgen"]
[Date "1995.??.??"]
[Round "1"]
[White "Kindermann, Stefan"]
[Black "Cramling, Pia"]
[Result "1/2-1/2"]
[WhiteElo "2565"]
[BlackElo "2510"]
[Annotator "Ribli,Z"]
[PlyCount "45"]
[EventDate "1995.10.??"]
[EventType "tourn"]
[EventRounds "9"]
[EventCountry "SUI"]
[EventCategory "11"]
[SourceTitle "CBM 050"]
[Source "ChessBase"]
[SourceDate "1996.02.01"]
[SourceVersion "1"]
[SourceVersionDate "1996.02.01"]
[SourceQuality "1"]

1. e4 c5 2. Nf3 e6 3. d4 cxd4 4. Nxd4 Nc6 5. Nc3 a6 6. Be3 Qc7 7. Bd3 Nf6 8.
O-O Ne5 9. h3 Bc5 10. Kh1 d6 11. f4 Nxd3 $5 {Wieder eine Cramling's Neuerung.}
12. cxd3 (12. Qxd3 b5 13. Nb3 Bxe3 14. Qxe3 Bb7 $10) 12... b5 13. Rc1 {Ein
Turm gehoert der offenen Linie. Droht /\ b4} (13. Bg1 $5) 13... Qb6 14. Nce2
O-O 15. Bg1 (15. b4 Bxb4 16. Nc2 Qa5 (16... Bc5 $6 17. d4 Nxe4 18. dxc5 dxc5
$14) 17. a3 Bc5 (17... Bc3 18. Nxc3 Qxc3 19. Bd4 Qc7 20. Nb4 $36) 18. d4 Bxa3
19. Bd2 Qa4 20. Ra1 Nxe4 21. Rxa3 Qc4 $13) 15... b4 $1 {Schwarz will b4 nicht
lassen.} 16. e5 Nd7 $5 {Schwarz spielt weiter sehr ruhig.} 17. Qe1 Bb7 18. Qg3
Rac8 19. Rfe1 (19. Nxe6 $2 fxe6 20. d4 Qb5 21. dxc5 Qxe2 22. cxd6 $17) 19...
Bd5 20. Nxe6 $5 {Weiss stoert den schwarzen Laeuferpaar.} fxe6 21. d4 Qb7 22.
dxc5 dxc5 23. a3 1/2-1/2